Le roman d'amour de M. Ingres / (Record no. 89292)

MARC details
000 -LEADER
campo de control de longitud fija 00434nam a2200157 i 4500
001 - NÚMERO DE CONTROL
campo de control 89292
003 - IDENTIFICADOR DE NÚMERO DE CONTROL
campo de control ES-MaACL
005 - FECHA Y HORA DE LA ÚLTIMA TRANSACCIÓN
campo de control 20230906180135.0
007 - CAMPO FIJO DE DESCRIPCIÓN FÍSICA--INFORMACIÓN GENERAL
campo de control de longitud fija t|
008 - DATOS DE LONGITUD FIJA--INFORMACIÓN GENERAL
campo de control de longitud fija 050105s1910 fr ||||1| fre d
100 1# - ENTRADA PRINCIPAL--NOMBRE DE PERSONA
Nombre de persona Lapauze, Henry.
9 (RLIN) 70138
245 13 - MENCIÓN DEL TÍTULO
Título Le roman d'amour de M. Ingres /
Mención de responsabilidad, etc. Henry Lapauze.
260 ## - PUBLICACIÓN, DISTRIBUCIÓN, ETC.
Lugar de publicación, distribución, etc. [S.l. :
Nombre del editor, distribuidor, etc. s.n.,
Fecha de publicación, distribución, etc. 1910] (
Lugar de fabricación/manufactura Etampes :
Fabricante Imp. La Semenze)
300 ## - DESCRIPCIÓN FÍSICA
Extensión 336 p. ;
Dimensiones 19 cm.
852 ## - LOCALIZACIÓN
Ubicación ES-MaACL
Número de control de estantería F-7730
Holdings
Estatus retirado Estado de pérdida Estado de daño No para préstamo Biblioteca de origen Biblioteca actual Ubicación en estantería Fecha de adquisición Fuente de adquisición Total de préstamos Signatura topográfica completa Código de barras Visto por última vez Precio de reemplazo Tipo de ítem Koha
        Biblioteca del Ateneo de Madrid Biblioteca del Ateneo de Madrid Sala Pecera Planta 2 17/01/2008     F-7730 1093255 23/02/2023 23/02/2023 Libro impreso